Australian Army commissioned ranks - Statistics

General Stats
  • This quiz has been taken 22 times
  • The average score is 8 of 11
Answer Stats
Hint Answer % Correct
5 major
100%
3 lieutenant
92%
9 major general
92%
4 captain
83%
11 general
83%
8 brigadier
75%
7 colonel
75%
6 lieutenant colonel
58%
2 2nd lieutenant
50%
1 officer cadet
50%
10 (CA) lieutenant general simon stuart
8%
No matching quizzes found
Score Distribution
Percent of People with Each Score
Percentile by Number Answered
Your Score History
You have not taken this quiz